[Event "Fyli 1st"]
[Site "Fyli"]
[Date "2010.09.29"]
[Round "2.1"]
[White "Gikas, Athanasios"]
[Black "Gougis, Antonios"]
[Result "0-1"]
[WhiteElo "1065"]
[BlackElo "1265"]
[PlyCount "102"]
[EventDate "2010.09.22"]
[EventType "tourn"]
[EventRounds "5"]
[EventCountry "GRE"]
[SourceTitle "EXT 2024"]
[Source "ChessBase"]
[SourceDate "2023.10.10"]
[SourceVersion "1"]
[SourceVersionDate "2023.10.10"]
[SourceQuality "1"]

1. c4 Nf6 2. d4 g6 3. Nf3 d5 4. e3 Bg7 5. Bd3 dxc4 6. Qa4+ c6 7. Qxc4 Be6 8. Qc2 Nbd7 9. 0-0 0-0 10. b3 c5 11. Rd1 cxd4 12. Nxd4 Bd5 13. e4 Ng4 14. Be2 Qb6 15. Bxg4 Bxd4 16. Bb2 Bxe4 17. Qd2 Bxb2 18. Qxb2 Nf6 19. Qe2 Rfd8 20. Nc3 Bc6 21. Kh1 Rd4 22. Bf3 Bxf3 23. gxf3 Qb4 24. Rac1 Rad8 25. Rxd4 Rxd4 26. Qe3 a6 27. a3 Qd6 28. Ne2 Rd1+ 29. Rxd1 Qxd1+ 30. Kg2 Nd5 31. Qe4 Qxb3 32. Nd4 Qc4 33. Nc2 Qxe4 34. fxe4 Nc3 35. Kf3 f5 36. exf5 gxf5 37. Kf4 Ne4 38. f3 Nd6 39. Ke5 Kf7 40. Kd5 Kf6 41. f4 Nb5 42. Kc5 Ke6 43. Kb6 Nd6 44. a4 Kd5 45. Ne3+ Ke4 46. Ng2 Kf3 47. Ne1+ Kxf4 48. Nd3+ Kg4 49. Nc5 f4 50. Nxb7 Nxb7 51. Kxb7 f3 0-1